Faktúra a jej náležitosti podľa nového zákona o DPH a účtovanie v jednoduchom účtovníctve

Vyhotovenie a náležitosti faktúr podľa zákona č. 222/2004 Z.z. o dani z pridanej hodnoty. Účtovanie faktúr v sústave jednoduchého účtovníctva. Uchovávanie faktúr. Praktické príklady.

Gespeichert in:
Bibliographische Detailangaben
1. Verfasser: Strählová, Jarmila
Format: Buchkapitel
Sprache:Slowakisch
Schlagworte:
Tags: Tag hinzufügen
Keine Tags, Fügen Sie das erste Tag hinzu!

MARC

LEADER 00000naa$a2200000$$$4500
001 0014110
005 20231109113020.7
041 0 |a slo 
044 |a SK 
245 1 0 |a Faktúra a jej náležitosti podľa nového zákona o DPH a účtovanie v jednoduchom účtovníctve  |c aut. Jarmila Strählová 
520 |a Vyhotovenie a náležitosti faktúr podľa zákona č. 222/2004 Z.z. o dani z pridanej hodnoty. Účtovanie faktúr v sústave jednoduchého účtovníctva. Uchovávanie faktúr. Praktické príklady. 
610 2 0 |a faktúry 
610 2 0 |a účtovanie 
610 2 0 |a dane z hodnoty pridanej 
610 2 0 |a účtovníctvo jednoduché 
610 2 0 |a trh 
610 2 0 |a aproximácia práva 
610 2 0 |a Slovensko 
610 2 0 |a Európska únia 
100 1 |a Strählová, Jarmila